| 000 | 01618cam a2200361 a 4500 | ||
|---|---|---|---|
| 999 |
_c523633 _d523633 |
||
| 001 | 14319735 | ||
| 003 | NUST | ||
| 005 | 20190516081530.0 | ||
| 008 | 060328s2007 nyu c 000 1 eng | ||
| 010 | _a 2006009925 | ||
| 020 | _a9780316057776 | ||
| 020 | _a0316057770 | ||
| 038 | _a0 | ||
| 040 |
_aDLC _cDLC _dDLC |
||
| 042 | _alcac | ||
| 050 | 0 | 0 |
_aPZ7.S8513 _bMy 2007 |
| 082 | 0 | 0 |
_a[Fic] _222 |
| 100 | 1 |
_aStewart, Trenton Lee. _914392 |
|
| 245 | 1 | 4 |
_aThe mysterious Benedict Society / _cwritten by Trent Lee Stewart ; illustrated by Carson Ellis. |
| 250 | _a1st ed. | ||
| 260 |
_aNew York : _bLittle, Brown, _c2007. |
||
| 300 |
_a485 p. : _bill. ; _c22 cm. |
||
| 520 | _aAfter passing a series of mind-bending tests, four children are selected for a secret mission that requires them to go undercover at the Learning Institute for the Very Enlightened, where the only rule is that there are no rules. | ||
| 650 | 1 |
_aAdventure and adventurers _vFiction. _97118 |
|
| 650 | 1 |
_aSchools _vFiction. _96715 |
|
| 650 | 1 |
_aScience fiction. _96320 |
|
| 700 | 1 |
_aEllis, Carson, _d1975- _eill. _914393 |
|
| 856 | 4 | 2 |
_3Publisher description _uhttp://www.loc.gov/catdir/enhancements/fy0653/2006009925-d.html |
| 856 | 4 | 2 |
_3Contributor biographical information _uhttp://www.loc.gov/catdir/enhancements/fy0742/2006009925-b.html |
| 906 |
_a7 _bcbc _corignew _d1 _eecip _f20 _gy-gencatlg |
||
| 942 |
_2ddc _cBK |
||